Ilustrovaný encyklopedický slovník

Gespeichert in:
Bibliographische Detailangaben
Format: Buch
Sprache:Tschechisch
Veröffentlicht: Praha ACADEMIA 1981
Tags: Tag hinzufügen
Keine Tags, Fügen Sie das erste Tag hinzu!

MARC

LEADER 00000nam a2200000 4500
001 c111164
005 20221207065337.0
041 0 |a cze 
044 |a CZ 
245 1 0 |a Ilustrovaný encyklopedický slovník 
264 1 |a Praha  |b ACADEMIA  |c 1981 
300 |a 957 s.